| 000 | 00608nam a2200205 a 4500 | ||
|---|---|---|---|
| 005 | 20231021063603.0 | ||
| 008 | 991125s1985 bar 000 0 spa u | ||
| 020 | _a8427009739 | ||
| 035 | _aUPN01000013995 | ||
| 049 | _aCG | ||
| 050 | 4 |
_aLB1049 _bM3.48 |
|
| 100 | 1 |
_aMager, Robert Frank, _d1923- _929098 |
|
| 245 | 1 | 0 |
_aDesarrollo de actitudes hacia la enseñanza / _cRobert F. Mager, Esteban Riambau. |
| 260 |
_aBarcelona, (Esp.) : _bMartínez Roca, _c1985. |
||
| 300 | _a158 p. | ||
| 440 | 0 | _aEducación | |
| 650 | 4 |
_aMétodos de estudio _94280 |
|
| 700 | 1 |
_aRiambau, Esteban, _ecoaut. |
|
| 905 | _aLibro | ||
| 999 |
_c13995 _d13995 |
||